000 01794nam a22002417a 4500
003 OSt
005 20260521102904.0
008 260225b |||||||| |||| 00| 0 spa d
020 _a978-9942-7265-8-2
082 _2978-9942-7265-8-2
100 _aCisneros Abedrabbo, Gabriel
245 _aDesde el Andamio 42 Órgano de Difusión de la Gran logia del Ecuador
250 _a1ra Edición
260 _aEcuador
_bEditorial Pedagógica Freire
_c2024-11-26
300 _b160 pag.
_c21x29cm.
490 _3Tapa blanda o rústica
520 _a"En agosto de 1975 se constituyó la Serenísima Gran Logia Nacional del Ecuador, en esta se vio la necesidad de tener un espacio para la construcción de contenidos y para di-fundir el trabajo de sus obreros. Así nació la Revista Masónica del Ecuador. Hace cuarenta y cinco años, en noviembre de 1979, se constituyó la Gran Logia Equinoccial del Ecuador. En 1980, los Grandes Maestros de estas potencias, Geovany Pantaleone y Pablo Guerrero Torres, en un acto de profunda generosidad, pusieron a disposición sus cargos para unir a la masonería quítense en una Gran Logia Equinoccial del Ecuador fortalecida en el mallete dorado de Ricardo López Pinto. ...Han pasado 49 años de ese primer número, estamos próximos a conmemorar el cincuentenario de la revista y muchos de los relatos de la época no han perdido vigencia. Así, es necesario que la masonería global trabaje más en la fraternidad, que se entienda que la regularidad de origen debe estar siempre conectada a la regularidad de los trabajos, y que más allá de los reconocimientos, está el servicio a los demás...
650 _aSimbolismo
650 _aTemplo Social
650 _aCarranza
700 _aGabriel (Director del equipo editorial)
942 _2ddc
_cBK
_n0
999 _c2017
_d2017